MARC

LEADER 00000nam0a2200000 4500
001 356669
005 20231102010921.0
035 |a (RuTPU)RU\TPU\retro\13929 
090 |a 356669 
100 |a 20200722d1939 km y0rusy50 ca 
101 0 |a rus 
102 |a RU 
105 |a y z 000zy 
200 1 |a Москва в цифрах   |e материал для агитаторов  |f под ред. И. А. Гракина, Т. А. Селиванова 
210 |a Москва  |c Московский рабочий  |d 1939 
215 |a 64 с. 
606 1 |a Москва, г.  |x История  |2 stltpush  |3 (RuTPU)RU\TPU\subj\67069  |9 82952 
606 1 |a Москва  |x Статистика  |2 stltpush  |3 (RuTPU)RU\TPU\subj\36456  |9 57823 
610 1 |a территория 
610 1 |a население 
610 1 |a столицы мира 
610 1 |a благосостояние 
610 1 |a 20 век 
686 |a Т3(235.4-2Мос)  |v LBC/SL-A  |2 rubbk 
686 |a У9(2-2М)  |v LBC/SL-A  |2 rubbk 
702 1 |a Гракин  |b И. А.  |4 340 
702 1 |a Селиванов  |b Т. А.  |4 340 
801 1 |a RU  |b 63413507  |c 20200722 
801 2 |a RU  |b 63413507  |c 20200729  |g RCR 
942 |c BK